000 00640nas a2200217 4500
001 BR9603801
003 BR-BrBNA
005 20231205095314.0
007 ta
008 230509b bl.|||p| |||| 00| 00por d
040 _aBR-BrBNA
_bpor
_cBiblioteca Nacional de Agricultura
041 _a(Pt)
072 _aP07; F06
100 1 _aAnon.
245 1 _aLigue a tomada e... o oleo diesel e desbancado na irrigacao pela eletricidade
650 _aOleo Diesel
650 _aIrrigacao
773 0 _tRaizes (Brazil)
_xISSN 0101-0956
_g(Sep 1982), v. 8(79) p. 6-9
_wBR9603801
909 _a202311
_bLúcia
_c55
_dLúcia Elande
942 _2AGRIS
_n0
_cANA
999 _c149954
_d149954